The 11 USA states containing "fa" "so" "la" "ti" in their name - Statistics

General Stats
  • This quiz has been taken 72 times
    58 since last reset
  • The average score is 5 of 11
Answer Stats
Hint Answer % Correct
5 Alabama
60%
6 Alaska
60%
3 South Carolina
58%
4 South Dakota
56%
2 Missouri
44%
11 Connecticut
38%
7 Delaware
33%
1 Minnesota
33%
9 Oklahoma
27%
8 Maryland
24%
10 Rhode Island
24%
No matching quizzes found
Score Distribution
Percent of People with Each Score
Percentile by Number Answered
Your Score History
You have not taken this quiz since the last reset